Yorkshire Population Quiz - Statistics

General Stats
  • This quiz has been taken 322 times
  • The average score is 13 of 20
Answer Stats
Hint Answer % Correct
750,700 Leeds
98%
551,800 Sheffield
97%
197,800 York
94%
293,717 Bradford
91%
256,100 Hull
88%
162,949 Huddersfield
82%
76,886 Wakefield
79%
127,851 Doncaster
78%
81,251 Barnsley
76%
117,262 Rotherham
74%
71,594 Harrogate
70%
50,135 Scarborough
70%
82,056 Halifax
69%
138,400 Middlesbrough
52%
35,369 Bridlington
44%
70,000 Keighley
43%
54,341 Dewsbury
41%
39,192 Castleford
38%
36,610 Redcar
30%
32,391 Pudsey
28%
No matching quizzes found
Score Distribution
Percent of People with Each Score
Percentile by Number Answered
Your Score History
You have not taken this quiz